Missing Word: Something's Missing (A-Z) Quiz Stats

 Plays Quiz Updated Nov 1, 2012

Support Sporcle.
Go Orange.
Score 0/25 Timer 05:00
3 Plays Today
Title or Phrase Word % Correct
“Finding _____Nemo
93.6%
“Can't Get _______ of Your Love, Babe”Enough
92.2%
“I'm sorry, but that was not phrased in the form of a _________Question
90.5%
“The Hunt for Red __________October
89.8%
“Missing in ______Action
89.7%
Metal ________Detector
89%
“You've Lost That _______ Feelin'”Lovin'
87.4%
“Where's the _____?”Beef
85.4%
“______ is Missing!”Mario
83.3%
Missing _____Tooth
82.1%
“Where did I put my _____?”Keys
82.1%
“Has Anybody Seen My ____?”Gal
81.8%
“The __________ Man”Invisible
79.4%
Title or Phrase Word % Correct
“The Case of the Missing ______ Stripes”Zebra
79.4%
“Missing ________ Squad/Unit”Persons
71.3%
Missing _______ puzzle piecesJigsaw
70.3%
The Lost _______ of JesusYears
70.3%
“________ for Godot”Waiting
68.1%
“Where's my _______Refund
67%
Missed the ___Cut
65.6%
Mobile phones, coats, and __________Umbrellas
61.2%
“The __________ Lady”Vanishing
57.4%
“Where Have All The _______ Gone?”Flowers
49.8%
“Lost ________Horizon
31.3%
“The _________Searchers
22.4%

Today's Daily Dose

You're not logged in!

Compare scores with friends on all Sporcle quizzes.
OR
Log In

From the Vault

Carrie Underwood's Vocabulary

by lolshortee

You better think before you cheat on this.
Remove Ads.
Support Sporcle.
Get the best of Sporcle when you Go Orange. This ad-free experience offers more features, more stats, and more fun while also helping to support Sporcle. Thank you for becoming a member.

Show Comments

Extras

Top Quizzes Today


Score Distribution

Your Account Isn't Verified!

In order to create a playlist on Sporcle, you need to verify the email address you used during registration. Go to your Sporcle Settings to finish the process.

Report this User

Report this user for behavior that violates our Community Guidelines.

Details: